000 00588nam a2200241 a 4500
001 nice12345678
003 IN_TiNIC
005 20260116011306.0
008 050524s1933 hyda grp 000 0 eng
020 _a
_c100
082 0 0 _a297.52
_bANJ
100 _aAnjuman Taraqqi-I-Islam,
245 _aMuslim Prayer
260 _aHyderabad
_bAnjuman Taraqqi Islam
_c1933
300 _a50p
500 _aincludes index and biblioraphy
505 2 _aIndex, Illus
650 _aIslam-Prayers
700 1 _aAnjuman Taraqqi-I-Islam,
902 _bSRS
942 _cBK
999 _c231
_d231